| 000 | 00897cam a2200241u 4500 | ||
|---|---|---|---|
| 001 | 31286 | ||
| 003 | BD-RjUL | ||
| 005 | 20211209051700.0 | ||
| 008 | 140415r18891892enkcf 000 0 eng | ||
| 035 | _a(BD-RjUL)31373 | ||
| 040 |
_aDLC _cCarP _dDLC _dBD-RjUL _beng |
||
| 041 | _aeng | ||
| 082 |
_a294.3 _bARL 1892 |
||
| 100 | 1 |
_aArnold, Edwin, _d1832-1904. _995207 |
|
| 245 | 1 | 4 |
_aThe light of Asia, or, The great renunciation (Mahabhinishkramana) : _bbeing the life and teaching of Gautama, prince of India and founder of Buddhism (as told in verse by an Indian Buddhist) / _cby Edwin Arnold. |
| 250 | _anew ed. | ||
| 260 |
_aLondon : _bKegan Paul, _c1989 [Print 1892,1895] |
||
| 300 |
_axviii, 240 p. : _bfront. (port.) plates ; _c16 cm. |
||
| 650 | 0 |
_aBuddhism _vPoetry. _995208 |
|
| 856 | 4 | 1 | _uhttp://hdl.loc.gov/loc.gdc/scd0001.00143870212 |
| 942 |
_2ddc _cBK |
||
| 999 |
_c31286 _d31286 |
||